000 00350nam a2200133Ia 4500
008 220204s9999 xx 000 0 und d
082 _a541.251
_bELI.10
245 0 _aTopics in stereochemistry. V 10
260 _aNew York
_bJohn Wiley
_c1978
650 _aStereochemistry
700 _aAllinger, Norman L
700 _aEliel, Ernest L
942 _cBK
999 _c34645
_d34645